Historia de la Iglesia Católica. en sus cuatro grandes edades: Antigua, Media, Nueva, Moderna .

Saved in:
书目详细资料
主要作者: Llorca Vives, P. Bernardino, S.J (autor)
其他作者: García Villoslada, Ricardo S.J (autor), Montalbán, Francisco J. S.J (autor)
格式: 图书
语言:西班牙语
出版: Madrid, España: Biblioteca de Autores Cristianos, 1964.
版:Cuarta edición.
丛编:Biblioteca de Autores Cristianos.
主题:
标签: 添加标签
没有标签, 成为第一个标记此记录!

MARC

LEADER 00000nam a2200000 a 4500
001 UCL3031
003 CL-VaPUC
005 20230817103934.0
008 031114e19640000SP |||||||||||||||||spa|d
999 |c 306167  |d 306165 
040 |c Pontificia Universidad Católica de Valparaíso 
082 0 4 |a 282.09 LLO 1964  |2 21 
100 |a Llorca Vives, P. Bernardino,   |c S.J.  |e autor  |9 883982 
245 1 0 |a Historia de la Iglesia Católica.  |b en sus cuatro grandes edades: Antigua, Media, Nueva, Moderna . 
250 |a Cuarta edición.  
260 |a Madrid, España:  |b Biblioteca de Autores Cristianos,  |c 1964. 
300 |a 4 volúmenes.  
490 |a Biblioteca de Autores Cristianos. 
505 |a v.I. Edad Antigua: la Iglesia en el mundo grecorromano. 
583 |a last modification  |c 20031114 00:00:00  |k Rodrigo Vera 
650 0 |a Cristianismo  |9 257361 
650 0 |a Historia   |9 883983  |x Iglesia Católica 
700 |a García Villoslada, Ricardo  |9 479583  |c S.J.  |e autor 
700 |a Montalbán, Francisco J.  |9 883984  |c S.J.   |e autor 
942 |c BK  |2 ddc 
945 |d 20031114 00:00:00  |a vberengu 
952 |0 0  |1 0  |2 ddc  |4 0  |6 282_090000000000000_LLO_1964  |7 0  |8 A  |9 370950  |a BIBTEO  |b BIBTEO  |d 2019-11-21  |h v.I  |i 2091992  |o 282.09 LLO 1964  |p 2091992  |r 2024-01-18  |w 2019-11-21  |y BK  |k ICR